000 00661cab a2200193 4500
001 ##L134911
008 060911n2006 000 0 eng u
035 _a(Sirsi) u134911
041 0 _aeng
100 1 _aDaly, Jacqui
245 0 0 _aOn course for a first
260 _c2006
490 0 _aProperty Week
_v71(36) 8 September 2006, 62(1)
520 _aExamines the reasons behind the increased levels of investment in the student hall market and highlights opportunities for investors in this sector in the future. Tables.
590 _aIKA190906
651 4 _aUnited Kingdom
_y
690 _aPROPERTY-OTHER PROPERTY TYPES-HALLS OF RESIDENCE
942 _n0
999 _c77704
_d77704